Statistics for Kiss With a Fist Lyrics (Florence + the Machine)

Click here to take the quiz!

General Stats

  • This quiz has been taken 157 times
    (10 since last reset)
  • The average score is 218 of 252

Answer Stats

Answer% Correct
a
100%
fist
100%
I
100%
kiss
100%
me
100%
my
100%
no
100%
with
100%
You
100%
you
100%
back
89%
bed
89%
better
89%
fire
89%
gave
89%
head
89%
hit
89%
is
89%
it
89%
kick
89%
love
89%
none
89%
oh
89%
once
89%
our
89%
over
89%
plate
89%
set
89%
slap
89%
smashed
89%
than
89%
the
89%
then
89%
to
89%
your
89%
and
78%
don't
78%
for
78%
so
78%
some
78%
black
67%
break
67%
broke
67%
burn
67%
drips
67%
eye
67%
fit
67%
good
67%
if
67%
in
67%
kicks
67%
lock
67%
red
67%
remain
67%
same
67%
sit
67%
slaps
67%
sweat
67%
teeth
67%
watch
67%
we
67%
before
56%
blood
56%
floor
56%
jaw
56%
return
56%
spilled
56%
upon
56%
leg
44%
sees
44%
shadow
44%
stick
44%
sticks
44%
blame
33%
casts
33%

Score Distribution

Percentile by Number Answered

Percent of People with Each Score

Your Score History

You have not taken this quiz since the last reset